00928ntm a22002177a 450000500170000000800410001704000280005808200170008610000400010324501160014326000100025930000400026950001880030959000110049765000440050865300230055265500090057594200080058499900170059295201010060920170810125022.0170802s2013 xx a frb 000 0 eng d aEG-ScBUEbengcEG-ScBUE04222a621bABD1 aAbdel-maksoud, Omar Ahmed EL-sayed.10aMulti-scale modelking for defects’ evolution in photovoltaic devicrs /cby Omar Ahmed EL-sayed Abdel-maksoud. c2013. avii, 44 p. :bill. (col.) ;c28 cm. aA dissertation submitted to the faculty of engineering. the British university in Egypt, in partial Fulfillment of the requirements for the bachelor degree in Mechanical Engineering.  akarima 72BUEshaMechanical EngineeringvProjects bENGMECcAugust2017 vSPRO 2ddc c25250d25222 00102ddc4070aMAINbMAINc2NDd2017-08-08l0o621 ABDp000046381r2025-07-15 00:00:00yPROJST